000 00505nam a2200181Ia 4500
008 240925s9999 xx 000 0 und d
020 _a9781119978770
082 _a006.7 DAW
100 _aDawson, Alexander
245 0 _aFuture Proof Web Design: A survical guide
250 _aNA
260 _aLondon:
_bJohn Wiley Sons
_c,2012.
300 _a269p.
_b0
_fOriginal
500 _aIncludes Index
600 _aComputer Science
650 _aComputer science, information & general works
942 _cBK
999 _c14125
_d14125